<?xml version="1.0" encoding="UTF-8"?><?xml-stylesheet type="text/xsl" href="static/style.xsl"?><OAI-PMH xmlns="http://www.openarchives.org/OAI/2.0/" xmlns:xsi="http://www.w3.org/2001/XMLSchema-instance" xsi:schemaLocation="http://www.openarchives.org/OAI/2.0/ http://www.openarchives.org/OAI/2.0/OAI-PMH.xsd"><responseDate>2026-04-28T19:44:53Z</responseDate><request verb="GetRecord" identifier="oai:uvadoc.uva.es:10324/25880" metadataPrefix="marc">https://uvadoc.uva.es/oai/request</request><GetRecord><record><header><identifier>oai:uvadoc.uva.es:10324/25880</identifier><datestamp>2025-02-19T12:57:15Z</datestamp><setSpec>com_10324_31661</setSpec><setSpec>com_10324_952</setSpec><setSpec>com_10324_894</setSpec><setSpec>com_10324_1158</setSpec><setSpec>com_10324_931</setSpec><setSpec>col_10324_31662</setSpec><setSpec>col_10324_1242</setSpec></header><metadata><record xmlns="http://www.loc.gov/MARC21/slim" xmlns:doc="http://www.lyncode.com/xoai" xmlns:xsi="http://www.w3.org/2001/XMLSchema-instance" xmlns:dcterms="http://purl.org/dc/terms/" xsi:schemaLocation="http://www.loc.gov/MARC21/slim http://www.loc.gov/standards/marcxml/schema/MARC21slim.xsd">
<leader>00925njm 22002777a 4500</leader>
<datafield tag="042" ind1=" " ind2=" ">
<subfield code="a">dc</subfield>
</datafield>
<datafield tag="720" ind1=" " ind2=" ">
<subfield code="a">Pinto Sanz, Javier</subfield>
<subfield code="e">author</subfield>
</datafield>
<datafield tag="720" ind1=" " ind2=" ">
<subfield code="a">Morselli, Davide</subfield>
<subfield code="e">author</subfield>
</datafield>
<datafield tag="720" ind1=" " ind2=" ">
<subfield code="a">Bernardo García, Victoria</subfield>
<subfield code="e">author</subfield>
</datafield>
<datafield tag="720" ind1=" " ind2=" ">
<subfield code="a">Notario Collado, Belén</subfield>
<subfield code="e">author</subfield>
</datafield>
<datafield tag="720" ind1=" " ind2=" ">
<subfield code="a">Fragouli, Despina</subfield>
<subfield code="e">author</subfield>
</datafield>
<datafield tag="720" ind1=" " ind2=" ">
<subfield code="a">Rodríguez Pérez, Miguel Ángel</subfield>
<subfield code="e">author</subfield>
</datafield>
<datafield tag="720" ind1=" " ind2=" ">
<subfield code="a">Athanassiou, Athanassia</subfield>
<subfield code="e">author</subfield>
</datafield>
<datafield tag="260" ind1=" " ind2=" ">
<subfield code="c">2017</subfield>
</datafield>
<datafield tag="520" ind1=" " ind2=" ">
<subfield code="a">Polymer foams with controlled and templated pore size have been obtained for the first time by CO2 gas&#xd;
dissolution foaming from poly(methyl methacrylate) (PMMA) films. This kind of materials, with a variable&#xd;
porous structure, mimic some high-performance natural materials and could present significant&#xd;
interest in many applications. However, up to now their controlled fabrication has not been successfully&#xd;
achieved. Herein, we present a method to achieve a fine control in the production of such materials.&#xd;
Thermal in situ synthesis of ZnO nanoparticles from Zn(OAc)2 was proposed to obtain PMMA nanocomposites,&#xd;
in which the ZnO nanoparticles induce heterogeneous nucleation that leads to formation of&#xd;
pores with size below the micron, upon CO2 foaming. Starting from templated solid PMMA samples with&#xd;
well-differentiated regions, presenting or not ZnO nanoparticles, it was possible to obtain PMMA-based&#xd;
foams with well-defined areas of different pore sizes.</subfield>
</datafield>
<datafield tag="024" ind2=" " ind1="8">
<subfield code="a">Polymer 124 (2017) 176-185</subfield>
</datafield>
<datafield tag="024" ind2=" " ind1="8">
<subfield code="a">http://uvadoc.uva.es/handle/10324/25880</subfield>
</datafield>
<datafield tag="245" ind1="0" ind2="0">
<subfield code="a">Nanoporous PMMA foams with templated pore size obtained by localized in situ synthesis of nanoparticles and CO2 foaming</subfield>
</datafield>
</record></metadata></record></GetRecord></OAI-PMH>